000
00248nam a2200097Ia 4500
001
692029
005
20250826161847.0
008
250824s9999 xx 000 0 und d
245
0
_a
KÖSEM SULTAN
_c
AHMET HALDUN TERZİOĞLU
260
_b
PANAMA YAYINLARI
999
_c
692029
_d
692029